Online Catalogue and eLibrary

Conflict and community in contemporary Sri Lanka : (Record no. 3509)

MARC details
000 -LEADER
fixed length control field 00531nam a2200193Ia 4500
005 - DATE AND TIME OF LATEST TRANSACTION
control field 20240611064524.0
008 - FIXED-LENGTH DATA ELEMENTS--GENERAL INFORMATION
fixed length control field 240331s9999 xx 000 0 und d
020 ## - INTERNATIONAL STANDARD BOOK NUMBER
ISBN 0761993932
082 ## - DDC Classification
Item Number - Author Mark CON
Class No. 954
245 #0 - TITLE STATEMENT
Title Conflict and community in contemporary Sri Lanka :
Remainder of title pearl of the eastor "the Island of tears"?
250 ## - EDITION STATEMENT
Edition statement 1 st
260 ## - PUBLICATION, DISTRIBUTION, ETC.
Place of publication, distribution, etc. Delhi
Name of publisher, distributor, etc. SAGE Publication
Date of publication, distribution, etc. 1999
300 ## - PHYSICAL DESCRIPTION
Extent (e.g. Volumes, Pages etc.) viii, 355 p .,
650 ## - SUBJECT ADDED ENTRY--TOPICAL TERM
Topical term or geographic name entry element Political
650 ## - SUBJECT ADDED ENTRY--TOPICAL TERM
Topical term or geographic name entry element Economy
700 ## - ADDED ENTRY--PERSONAL NAME
Personal name Gamage, Siri
Relator term (Role) Editor
700 ## - ADDED ENTRY--PERSONAL NAME
Personal name Watson, I.B
Relator term (Role) Editor
942 ## - Koha item type (Biblio)
Koha item type Books in Stacks (Lending)
Holdings
Lost status Damaged status Collection code Home library Current library Shelving location Date acquired Full call number Accession Number Item type
    Lending WERC Library WERC Library Social Science Cupboard 03/31/2024 954.3 CON 4220 Books in Stacks (Lending)

© WERC Library